000 00630 a2200157 4500
999 _c8398
_d8398
020 _a159221313
050 _aDT 658.25 ADE 2003
100 _aAdelman . H {ed}
245 _aWar and Peace in Zaire / Congp
_bAnalyzing and Evaluating Intervention :1991-1997
264 _bAfrica World Press Inc
_cEritria
300 _aIncludes bibliographical references and index
500 _aIncludes bibliographical references and index
650 _aCongo[Democratic Republic]--Politics and Government 1996-1997
_xPolitical violence
650 _aRefugees-- Congo
_xPeacekeping forces in Congo
942 _2lcc
_cBK
_e1st edition
_h568.28
_iADE
_kDT